000 00580nam a2200193Ia 4500
003 IEPS
005 20250703135243.0
008 250223s9999||||xx |||||||||||||| ||und||
040 _CIEPS
041 _aara
082 _a612.7
100 _aريسان خريبط مجيد
245 0 _aالتعب العضلي و عماليات استعادة الشفاء للرياضيين
260 _aعمان
_bدار الشروق للنشر و التوزيع
_c1998
300 _a136 ص.
_c24 سم.
653 _aالرياضة
653 _aالطب الرياضي
942 _cكتاب
999 _c11328
_d11328